000 00465pab a2200181 454500
008 180718b2014 xxu||||| |||| 00| 0 eng d
100 _aBalasubramanian, M.
245 _aClimate change, Uttarakhand, and the World Bank's message
260 _c2014
300 _ap.65-68.
362 _aJan
650 _aWorld Bank
650 _aClimatic change
700 _aKumar, P.J. Dilip
773 _aEconomic and Political Weekly
908 _aN
909 _a103089
999 _c103086
_d103086